00913nam a2200265 i 4500001000300000245004500003260005300048300003300101490003000134504003400164650003600198700001900234830003000253020001800283040000800301041000800309044000800317080002500325920002200350942000700372008004100379999001700420856009800437952011200535bg00aCircuit design /cDarren Ashby [et al.]. aAmsterdam [etc.] :bElsevier Newnes,ccop. 2008. aXX, 1228 s. :bil. ;c24 cm.1 aNewnes Know It All Series aBibliogr. przy rozdz. Indeks. 9aUkłady elektronicznexprojekty1 aAshby, Darren. aNewnes Know It All Series a9781856175272 cBPK apol aNLD a621.3.049.77:621.382 a978-1-85617-527-2 cKS090623s2008 ne a f |000 0 eng  c56620d56620 uhttp://koha.tu.koszalin.pl/cgi-bin/koha/opac-detail.pl?biblionumber=56620yKatalog online BPK 00104071aELBUDbELBUDcbo91607p02486048t621.3.037/.049 Ua,ciodyKSzZakup ze środków katedralnych